• 首页
  • 本馆介绍
  • 公告通知
  • 最新文献
  • 馆藏检索
  • 电子资源
  • 读者导购
  • 参考咨询
  • 我的图书馆
  • 登录
  • 详细信息显示
  • 放入我的书架
  • 预约/预借图书
  • 作者相关作品
  • 分类相关作品
  • 丛书相关作品
  • 出版社相关作品

书目信息

  • 表格格式
  • 工作单格式
  • 卡片格式
题名:
隔世纪的对话
    
 
作者: 海狼 著
分册:  
出版信息: 北京   军事谊文出版社  2003
页数: 190页
开本: 21cm
丛书名:
单 册:
中图分类: J213.051
科图分类:
主题词: 油画--鉴赏--世界 , 散文诗--中国--现代--选集 , 油画 , 散文诗
电子资源:
ISBN: 7-80150-307-4
000 00893nam0 2200265 450
001 1252125593
005 20121019142922.43
010    @a7-80150-307-4@dCNY38.00
100    @a20030121d2003 em y0chiy0110 ea
101 0  @achi
102    @aCN@b110000
105    @aa z 000gy
200 1  @a隔世纪的对话@Age shi ji de dui hua@e世界名画配散文诗欣赏@f海狼著
210    @a北京@c军事谊文出版社@d2003
215    @a190页@c彩图@d21cm
330    @a本书收录了《蒙娜丽莎》、《圣罗马诺之战》、《基督诞生》、《入睡的维纳斯》、《爱神丘比特的教育》等五十幅世界名画,并配以散文诗加以鉴赏。
517 1  @a世界名画配散文诗欣赏@Ashi jie ming hua pei san wen shi xin shang
606 0  @a油画@x鉴赏@y世界
606 0  @a散文诗@y中国@z现代@j选集
606 0  @a油画
606 0  @a散文诗
690    @aJ213.051@v4
701  0 @a海狼@Ahai lang@4著
801  0 @aCN@bNLC@c20101222
905    @a10447@dJ213.051@eJY279
    
    隔世纪的对话:世界名画配散文诗欣赏/海狼著.-北京:军事谊文出版社,2003
    190页:彩图;21cm
    
    
    ISBN 7-80150-307-4:CNY38.00
    本书收录了《蒙娜丽莎》、《圣罗马诺之战》、《基督诞生》、《入睡的维纳斯》、《爱神丘比特的教育》等五十幅世界名画,并配以散文诗加以鉴赏。
●
相关链接 在E读中查询图书 在五车中查询图书 在当当中查询图书 在豆瓣中查询图书


正题名:隔世纪的对话     索取号:J213.051/JY279         预约/预借

序号 登录号 条形码 馆藏地/架位号 状态 备注
1 7833175   278331752   学院路分馆/ [索取号:J213.051/JY279] 在馆    
2 7833176   278331761   学院路分馆/ [索取号:J213.051/JY279] 在馆    
唐山师范学院图书馆 欢迎您!
大连网信软件有限公司© 版权所有